| 000 | 01310cam a22003737a 4500 | ||
|---|---|---|---|
| 999 |
_c58731 _d58731 |
||
| 001 | 15179079 | ||
| 003 | |||
| 005 | 20220711122150.0 | ||
| 008 | 080213s2008 vaua b 001 0 eng | ||
| 010 | _a 2008922933 | ||
| 015 |
_aGBA858998 _2bnb |
||
| 016 | 7 |
_a014595741 _2Uk |
|
| 020 | _a9781441927019 | ||
| 035 | _a(OCoLC)ocn226280663 | ||
| 040 |
_aUKM _cUKM _dBTCTA _dBAKER _dYDXCP _dOHX _dCDX _dEYE _dILU _dTJC _dDLC |
||
| 042 |
_aukblsr _alccopycat |
||
| 050 | 0 | 0 |
_aQA174.2 _b.A26 2008 |
| 080 | _a510+512 A-16 | ||
| 082 | 0 | 4 | _222 |
| 100 | 1 |
_aAbramenko, Peter, _d1960- _914343 |
|
| 245 | 1 | 0 |
_aBuildings : _btheory and applications / _cPeter Abramenko, Kenneth S. Brown. |
| 260 |
_aNew York: _bSpringer, _c2010. |
||
| 300 |
_axxi, 747 p. : _bill. ; _c24 cm. |
||
| 440 | 0 |
_aGraduate texts in mathematics ; _v248 _99001 |
|
| 504 | _aIncludes bibliographical references (p. [719]-735) and indexes. | ||
| 650 | 0 |
_aBuildings (Group theory) _914344 |
|
| 650 | 0 |
_aტექსტები მათემატიკაში _914345 |
|
| 650 | 0 |
_aმათემატიკა _914346 |
|
| 700 | 1 |
_aBrown, Kenneth S. _914347 |
|
| 906 |
_a7 _bcbc _ccopycat _d3 _encip _f20 _gy-gencatlg |
||
| 942 |
_2udc _cBK |
||
| 955 |
_axh06 2008-10-31 z-processor _axh00 2008-10-31 _ixh06 2009-02-06 |
||
| 955 | _apc17 2008-02-13 | ||